00527 2200193 4500245006300000020002200063250001000085100003200095700001500127700001800142650002600160650001000186005001900196260006500215041001400280084001200294300001800306336000900324 aWarna-Warni Kemah SainscAna Falesthein Tahta AlfinahText a978-623-307-001-0 aCet.2 aAna Falesthein Tahta Alfina aInnerChild aWenny Oktavia aCerita Anak Indonesia aEbook a20241105133153 aJakarta TimurbBadan Pengembangan dan Pembinaan Bahasac2022 aIndonesia a298.209 avi :c38 hlm. atext